[Event "ROM-ch"]
[Site "Romania"]
[Date "1989.??.??"]
[Round "?"]
[White "Vasiesiu, Dan"]
[Black "Anitoaie, Dumitru"]
[Result "0-1"]
[WhiteElo "2250"]
[BlackElo "2345"]
[PlyCount "78"]
[EventDate "1989.??.??"]
[EventType "tourn"]
[EventRounds "15"]
[EventCountry "ROU"]
[SourceTitle "EXT 2010"]
[Source "ChessBase"]
[SourceDate "2010.11.25"]
[SourceVersion "1"]
[SourceVersionDate "2010.11.25"]
[SourceQuality "1"]

1. e4 e6 2. d4 d5 3. Nc3 Bb4 4. e5 c5 5. a3 Bxc3+ 6. bxc3 Ne7 7. Qg4 0-0 8. Bd3 f5 9. exf6 Rxf6 10. Bg5 Rf7 11. Qh5 g6 12. Qh4 Nbc6 13. Nf3 c4 14. Be2 Qa5 15. Bd2 Nf5 16. Qg5 Bd7 17. g4 Nd6 18. h4 Ne4 19. Qe3 e5 20. Nxe5 Nxe5 21. dxe5 Rxf2 22. h5 g5 23. Bf3 Rxf3 24. Qxf3 Rf8 25. Qe3 Bxg4 26. Rf1 Rxf1+ 27. Kxf1 Qc7 28. Kg2 Qxe5 29. Rh1 h6 30. Be1 b6 31. a4 Bd7 32. a5 Bc6 33. Qf3 d4 34. cxd4 Qe8 35. d5 Bxd5 36. Qf5 Nc3+ 37. Kh2 Qe2+ 38. Bf2 Qxh5+ 39. Kg3 Ne2# 0-1

[Event "ROM-ch50 Final"]
[Site "Sinaia"]
[Date "1986.12.20"]
[Round "6"]
[White "Stoica, Valentin"]
[Black "Anitoaie, Dumitru"]
[Result "1-0"]
[WhiteElo "2430"]
[BlackElo "2350"]
[PlyCount "55"]
[EventDate "1986.12.11"]
[EventType "tourn"]
[EventRounds "10"]
[EventCountry "ROU"]
[EventCategory "6"]
[SourceTitle "EXT 2020"]
[Source "ChessBase"]
[SourceDate "2019.10.17"]
[SourceVersion "1"]
[SourceVersionDate "2019.10.17"]
[SourceQuality "1"]

1. e4 c6 2. c4 e5 3. Nf3 d6 4. d4 Nd7 5. Nc3 Ngf6 6. Be2 Be7 7. 0-0 0-0 8. h3 Re8 9. Be3 Bf8 10. d5 cxd5 11. cxd5 Nc5 12. Nd2 a5 13. a3 g6 14. b4 axb4 15. axb4 Rxa1 16. Qxa1 Na6 17. Qa3 Nd7 18. Nc4 f5 19. f3 Nf6 20. Qa5 Qxa5 21. bxa5 Nc5 22. Nb5 Rd8 23. Nbxd6 Ncxe4 24. fxe4 Bxd6 25. Bb6 Rd7 26. Nxd6 Rxd6 27. Rc1 Bd7 28. Bc7 1-0